00892njm a22002417a 450000500170000000700150001700800410003202800190007303500130009204000120010510000120011724501090012924600870023826000290032530000930035450000170044750000270046450500820049160000110057365000320058470000210061670000130063720100914152621.0sd ammalaaahaa100913t xxu||||| |||| 00| 0 hin d aECSD 2723bEMI aGR-02685 aSED/VEN aMukesh  aAshaar mere yun to / cby Mukesh ; Lyrics by Jan Nisar Akhtar ; music by Khaiyyaam h[sound recording] : aअशार मेरे यूँ तो / मुकेश द्वारा  aDum Dum IndiabEMIc1975 a1 sound disc [Gramophone record] :banalog, 33 1/3 rpmc12.5 in. (LP)fGramophone Record aBrief Record aRecord label :EMI, Red aSide-2 हम से भगा न करो (Ham se bhaga na karo ) (Mukesh) aMukesh aFilm SongsxExcerptszIndia aJan Nisar Akhtar aKhiyyaam